Anagrammes : stations de métro de Paris #1 - Statistiques

Statistiques générales
  • Ce quiz a été pris 134 fois
  • Le résultat moyen est 4 sur 26
Statistiques - réponses
Hint Réponse % Correct
Lèvres courbées Sèvres - Lecourbe
79%
Apéro Opéra
77%
Pas tuer Pasteur
45%
Pacte des elfes Place des fêtes
27%
Thé lacté Châtelet
23%
Ru de Cuba Rue du Bac
21%
Bureau mat Rambuteau
18%
Le nu admis Daumesnil
14%
Y repense Pyrénées
13%
Asile Tarzan Saint-Lazare
9%
Visa le nid Invalides
8%
Idole sympa Olympiades
7%
Le diplodocus bougonne tant Boulogne - Pont de Saint-Cloud
6%
Ta roue gauche Château Rouge
6%
Dame en île Madeleine
5%
Le bas Hermès Malesherbes
4%
Voix transafricaines Saint-François-Xavier
4%
J'élabore un joug nase Boulogne - Jean Jaurès
3%
Cet urinoir à con Corentin Cariou
3%
Mue à calamar Alma - Marceau
2%
Le néon bifocal Colonel Fabien
2%
Cul albinos Louis Blanc
2%
Ta gauche illuminée Michel-Ange Auteuil
1%
Huître de couloir Richelieu - Drouot
1%
Garnements à dissiper Saint-Germain-des-Prés
1%
Chantre des pommades Notre-Dame-des-Champs
0%
Aucun quiz correspondant
Distribution des résultats
% des personnes avec chaque résultat
Percentile par nombre de réponses
Votre historique - résultats
Vous n’avez pas pris ce quiz